000 00906nam a22002057a 4500
999 _c7883
_d7883
003 BD-JhCC
005 20181003180246.0
008 180215b1996 bg ||||| |||| 00| 0 ben d
035 _a(BD-JhCC)
040 _aBD-JhCC
_dBD-JhCC
041 _aben
082 _a370.1
_bQUD 1996
245 _aকুদরাত এ খুদা শিক্ষা কমিশন রিপোর্ট /
_cবাংলাদেশ কলেজ- বিশ্ববিদ্যালয় শিক্ষক সমিতি,
260 _aঢাকা :
_bবাংলাদেশ কলেজ- বিশ্ববিদ্যালয় শিক্ষক সমিতি,
_c১৯৯৬
300 _a302 p. :
_c22 cm.
650 _aEducation Rules
710 _aবাংলাদেশ কলেজ- বিশ্ববিদ্যালয় শিক্ষক সমিতি,
942 _2ddc
_cBK